00856nam a2200205 i 450000100060000000300090000600500170001500700030003200800410003510000320007624501780010826000410028630000320032765000370035970000370039670000460043385200320047999900170051195201220052891143ES-MaACL20230906180643.0t|050127s1970 sp ||||1| spa d1 aLeontief, Wassily W.97169810aAnálisis económico input-output / cpor Wassily Leontief ; con un estudio introductorio por Angel Alcaide Inchausti ; [traducción de Valentín Fábrega Forradellas]. aBarcelona : bGustavo Gili, c[1970] a359 p. : bgraf. ; c22 cm. 4aAnálisis input-output.91696771 aAlcaide Inchausti, Angel.9194431 aFábrega Forradellas, Valentín.948549 aES-MaACLjC-38363 bR.75532 c91143d91143 00104070aATENEOMbATENEOMcDEPO2d2008-01-17eSCl0oC-38363p1095160r2023-02-23 00:00:00w2023-02-23yMONOGRAFIA